| 000 | 00884nam a22002057a 4500 | ||
|---|---|---|---|
| 003 | BUBTL | ||
| 008 | 230109b ||||| |||| 00| 0 eng d | ||
| 020 | _a9789849261117 | ||
| 082 | _a954.92/ H7948b/ 2018 | ||
| 100 |
_95150 _aহোসেন, মোতাহার |
||
| 245 |
_aবঙ্গবন্ধু থেকে শেখ হাসিনা / _cমোতাহার হোসেন |
||
| 250 | _a1st Edn | ||
| 260 |
_aঢাকা: _bপালক পাবলিশার্স, _cc2018 |
||
| 300 |
_a232 p.: _c22 cm. |
||
| 505 | _aবঙ্গবন্ধু থেকে শেখ হাসিনা, বঙ্গবন্ধু, শেখ হাসিনা, মোতাহার হোসেন, বঙ্গবন্ধু | ||
| 650 | 0 |
_93574 _aবঙ্গবন্ধু |
|
| 856 |
_k0 _l0 _yDownload |
||
| 942 |
_2ddc _cBK |
||
| 999 |
_c6907 _d6907 |
||